[Event "17. Obert Int. Sant Marti 2015 - B"]
[Site "Barcelona ESP"]
[Date "2015.07.19"]
[Round "7.34"]
[White "Espadero Roda, Francesc"]
[Black "Llopis Jordan, Lluis"]
[Result "0-1"]
[WhiteElo "1862"]
[BlackElo "1936"]
[PlyCount "70"]
[EventDate "2015.07.13"]
[EventType "swiss"]
[EventRounds "9"]
[EventCountry "ESP"]
[SourceTitle "Ajedrez en Madrid"]
[Source "lmi"]
[SourceDate "2015.07.13"]
[SourceVersion "1"]
[SourceVersionDate "2019.06.21"]
[SourceQuality "1"]

1. d4 Nf6 2. c4 g6 3. Nc3 Bg7 4. Bf4 d6 5. Nf3 Bf5 6. h3 O-O 7. e3 a6 8. Bd3
Bxd3 9. Qxd3 Nbd7 10. O-O Re8 11. b4 e5 12. dxe5 dxe5 13. Bg5 e4 14. Nxe4 Rxe4
15. Rad1 Qe8 16. Bf4 c5 17. a3 h6 18. Rfe1 Rc8 19. Nd2 Re6 20. e4 Ne5 21. Qe3
g5 22. Bxe5 Rxe5 23. f4 gxf4 24. Qxf4 Nh5 25. Qg4 Rg5 26. Qf3 Rc6 27. Nb3 cxb4
28. h4 Re5 29. Rd5 Rxc4 30. Red1 Rxd5 31. exd5 Rxh4 32. g3 Rh3 33. Kf2 Rxg3 34.
d6 Rxf3+ 35. Kxf3 Qc6+ 0-1

[Event "17. Obert Int. Sant Marti 2015 - B"]
[Site "Barcelona ESP"]
[Date "2015.07.19"]
[Round "7.35"]
[White "Rius Riu, Gerard"]
[Black "Bernat Pascual, Magí"]
[Result "0-1"]
[WhiteElo "1936"]
[BlackElo "1850"]
[PlyCount "40"]
[EventDate "2015.07.13"]
[EventType "swiss"]
[EventRounds "9"]
[EventCountry "ESP"]
[SourceTitle "Ajedrez en Madrid"]
[Source "lmi"]
[SourceDate "2015.07.13"]
[SourceVersion "1"]
[SourceVersionDate "2019.06.21"]
[SourceQuality "1"]

1. e4 c6 2. d4 d5 3. Nc3 dxe4 4. Nxe4 Bf5 5. Ng3 Bg6 6. h4 h6 7. Nh3 Nf6 8. Bc4
e6 9. Nf4 Bh7 10. O-O Bd6 11. Re1 O-O 12. Be3 Qc7 13. Nfh5 Nbd7 14. Qd2 Ng4 15.
Bxh6 gxh6 16. Rxe6 Bxg3 17. Rxh6 Bxf2+ 18. Kf1 Be3 19. Qe2 Nh2+ 20. Ke1 Bxh6
0-1

[Event "17. Obert Int. Sant Marti 2015 - B"]
[Site "Barcelona ESP"]
[Date "2015.07.19"]
[Round "7.36"]
[White "Hinarejos Montano, Andres"]
[Black "Subirana Santos, Marc"]
[Result "0-1"]
[WhiteElo "1854"]
[BlackElo "1949"]
[PlyCount "72"]
[EventDate "2015.07.13"]
[EventType "swiss"]
[EventRounds "9"]
[EventCountry "ESP"]
[SourceTitle "Ajedrez en Madrid"]
[Source "lmi"]
[SourceDate "2015.07.13"]
[SourceVersion "1"]
[SourceVersionDate "2019.06.21"]
[SourceQuality "1"]

1. e4 g6 2. Nf3 d6 3. d4 Bg7 4. Be2 Nf6 5. Nc3 O-O 6. O-O Nbd7 7. Be3 a6 8. h3
b5 9. e5 Ne8 10. a3 Bb7 11. Rc1 dxe5 12. d5 Nd6 13. Bd3 h6 14. Qd2 Kh7 15. Nh2
f5 16. f4 c6 17. Be2 cxd5 18. Nxd5 Ne4 19. Qd1 Ng3 20. Rf2 Nxe2+ 21. Rxe2 exf4
22. Nxf4 e5 23. Ne6 Qe7 24. Nxf8+ Rxf8 25. c3 Nf6 26. Rd2 f4 27. Bf2 Bc8 28. b4
Ne4 29. Bc5 Nxc5 30. bxc5 Qxc5+ 31. Kh1 e4 32. Qb3 Qe3 33. Nf1 Qb6 34. Re2 f3
35. Rxe4 fxg2+ 36. Kxg2 Qf2+ 0-1

[Event "17. Obert Int. Sant Marti 2015 - B"]
[Site "Barcelona ESP"]
[Date "2015.07.19"]
[Round "7.37"]
[White "Gomez Guinovart, Josep Manel"]
[Black "Poyato Duran, David"]
[Result "0-1"]
[WhiteElo "1861"]
[BlackElo "1931"]
[PlyCount "86"]
[EventDate "2015.07.13"]
[EventType "swiss"]
[EventRounds "9"]
[EventCountry "ESP"]
[SourceTitle "Ajedrez en Madrid"]
[Source "lmi"]
[SourceDate "2015.07.13"]
[SourceVersion "1"]
[SourceVersionDate "2019.06.21"]
[SourceQuality "1"]

1. d4 d5 2. Nf3 Nf6 3. Bf4 e6 4. e3 c5 5. dxc5 Bxc5 6. Bd3 O-O 7. O-O b6 8.
Nbd2 Ba6 9. Qe2 Bxd3 10. cxd3 Nbd7 11. h3 Rc8 12. Rac1 Re8 13. d4 Be7 14. Ne5
Nxe5 15. Bxe5 Nd7 16. Bf4 Nf8 17. Nf3 Ng6 18. Bg3 Qd7 19. Qd2 Bd6 20. Bxd6 Qxd6
21. Rxc8 Rxc8 22. Rc1 Rc6 23. Rc3 Qc7 24. Rxc6 Qxc6 25. a3 Qc4 26. Ne1 Kf8 27.
Qc2 Ke7 28. Qxc4 dxc4 29. Kf1 Kd6 30. Ke2 e5 31. dxe5+ Nxe5 32. Kd2 b5 33. Kc3
a5 34. f4 Nc6 35. Nf3 Kd5 36. Ng5 b4+ 37. axb4 axb4+ 38. Kc2 f6 39. Nf3 Ke4 40.
Kd2 Na5 41. Nd4 c3+ 42. bxc3 Nc4+ 43. Kc2 Nxe3+ 0-1

[Event "17. Obert Int. Sant Marti 2015 - B"]
[Site "Barcelona ESP"]
[Date "2015.07.19"]
[Round "7.38"]
[White "Branca, Colin"]
[Black "Arce, Sebastian"]
[Result "1/2-1/2"]
[WhiteElo "1850"]
[BlackElo "1914"]
[PlyCount "33"]
[EventDate "2015.07.13"]
[EventType "swiss"]
[EventRounds "9"]
[EventCountry "ESP"]
[SourceTitle "Ajedrez en Madrid"]
[Source "lmi"]
[SourceDate "2015.07.13"]
[SourceVersion "1"]
[SourceVersionDate "2019.06.21"]
[SourceQuality "1"]

1. e4 c5 2. c3 d5 3. exd5 Qxd5 4. d4 Nc6 5. Nf3 Nf6 6. Bb5 Bd7 7. O-O O-O-O 8.
c4 Qh5 9. d5 Bg4 10. Bf4 e5 11. Bg3 e4 12. Bxc6 Bd6 13. Qa4 Bxg3 14. fxg3 exf3
15. Bxb7+ Kxb7 16. Qc6+ Kb8 17. Qb5+ 1/2-1/2

[Event "17. Obert Int. Sant Marti 2015 - B"]
[Site "Barcelona ESP"]
[Date "2015.07.19"]
[Round "7.39"]
[White "Cervera Lopez, Miguel"]
[Black "Ferre Navarro, Joan"]
[Result "0-1"]
[WhiteElo "1831"]
[BlackElo "1912"]
[PlyCount "98"]
[EventDate "2015.07.13"]
[EventType "swiss"]
[EventRounds "9"]
[EventCountry "ESP"]
[SourceTitle "Ajedrez en Madrid"]
[Source "lmi"]
[SourceDate "2015.07.13"]
[SourceVersion "1"]
[SourceVersionDate "2019.06.21"]
[SourceQuality "1"]

1. e4 g6 2. e5 Bg7 3. d4 d6 4. exd6 cxd6 5. Nf3 Bg4 6. c3 Nf6 7. h3 Bd7 8. Qb3
Bc6 9. Bb5 Qd7 10. Bxc6 Qxc6 11. O-O Nbd7 12. Re1 e6 13. Bf4 O-O 14. Nbd2 d5
15. Ne5 Nxe5 16. Bxe5 Rac8 17. f3 Nh5 18. Bxg7 Nxg7 19. Qc2 Qd6 20. Kf2 Nf5 21.
Nb3 Qg3+ 22. Kg1 b6 23. Qf2 Qd6 24. g4 Ng7 25. Nc1 h5 26. Nd3 hxg4 27. hxg4 f5
28. Qh4 g5 29. Qh3 Kf7 30. gxf5 Rh8 31. Ne5+ Kf6 32. Ng4+ Kxf5 33. Qg2 Kg6 34.
Ne5+ Kf6 35. f4 Rh5 36. Ng4+ Ke7 37. Re5 Rch8 38. Kf2 Rf8 39. Ne3 Rxf4+ 40. Ke2
Rfh4 41. Nxd5+ Kd8 42. Kd3 Rh3+ 43. Kc4 Qc6+ 44. Kb3 exd5 45. Rxd5+ Kc7 46. Rf1
Qe6 47. Ka4 Rh2 48. Qg3+ Kb7 49. Rd7+ Qxd7+ 0-1

[Event "17. Obert Int. Sant Marti 2015 - B"]
[Site "Barcelona ESP"]
[Date "2015.07.19"]
[Round "7.40"]
[White "Minko, Olga"]
[Black "Tortosa Moros, Joan"]
[Result "1-0"]
[WhiteElo "1559"]
[BlackElo "1911"]
[PlyCount "103"]
[EventDate "2015.07.13"]
[EventType "swiss"]
[EventRounds "9"]
[EventCountry "ESP"]
[SourceTitle "Ajedrez en Madrid"]
[Source "lmi"]
[SourceDate "2015.07.13"]
[SourceVersion "1"]
[SourceVersionDate "2019.06.21"]
[SourceQuality "1"]

1. e4 c5 2. Nf3 Nc6 3. d4 cxd4 4. Nxd4 g6 5. Nc3 Bg7 6. Be3 Nf6 7. f3 O-O 8.
Qe2 d6 9. O-O-O Bd7 10. g4 a6 11. h4 h5 12. gxh5 Nxh5 13. Rg1 Rc8 14. Qf2 Ne5
15. Be2 Rxc3 16. bxc3 Qa5 17. Kb1 Qxc3 18. Bd2 Qa3 19. Qe3 Qc5 20. Nb3 Qc6 21.
f4 Nc4 22. Bxc4 Qxc4 23. Qd3 Qa4 24. f5 Bb5 25. Qe3 Bc4 26. fxg6 Bxb3 27. cxb3
Qb5 28. gxf7+ Rxf7 29. Bc3 Nf6 30. Bxf6 Rxf6 31. Qg3 Rf7 32. a4 Qb4 33. e5 Qe4+
34. Ka2 Qxe5 35. Qxe5 dxe5 36. Rd7 e6 37. Rd6 Re7 38. h5 Kh7 39. Rg6 Rc7 40.
Kb2 Rf7 41. Rgxe6 e4+ 42. Kc1 Rf1+ 43. Kd2 Rf4 44. h6 Bf8 45. Rd7+ Kg8 46. h7+
Kh8 47. Rg6 Bb4+ 48. Ke3 Rf8 49. Kxe4 b6 50. Rxb6 Re8+ 51. Kd3 Rc8 52. Rxb4 1-0

[Event "17. Obert Int. Sant Marti 2015 - B"]
[Site "Barcelona ESP"]
[Date "2015.07.19"]
[Round "7.41"]
[White "Alquezar Calpena, Marc"]
[Black "Febrero Perez, Lluis"]
[Result "1-0"]
[WhiteElo "1907"]
[BlackElo "1787"]
[PlyCount "29"]
[EventDate "2015.07.13"]
[EventType "swiss"]
[EventRounds "9"]
[EventCountry "ESP"]
[SourceTitle "Ajedrez en Madrid"]
[Source "lmi"]
[SourceDate "2015.07.13"]
[SourceVersion "1"]
[SourceVersionDate "2019.06.21"]
[SourceQuality "1"]

1. e4 e5 2. Nf3 Nc6 3. Bb5 Nge7 4. Nc3 g6 5. d4 Bg7 6. Bg5 a6 7. Bxc6 bxc6 8.
dxe5 O-O 9. Qd2 Re8 10. O-O-O a5 11. Bf6 Ba6 12. g4 Bxf6 13. exf6 Nc8 14. e5 d6
15. Qh6 1-0

[Event "17. Obert Int. Sant Marti 2015 - B"]
[Site "Barcelona ESP"]
[Date "2015.07.19"]
[Round "7.42"]
[White "Corominas Garrido, Jordi"]
[Black "Lopez Abaurrea, Eduard"]
[Result "1-0"]
[WhiteElo "2017"]
[BlackElo "1756"]
[PlyCount "69"]
[EventDate "2015.07.13"]
[EventType "swiss"]
[EventRounds "9"]
[EventCountry "ESP"]
[SourceTitle "Ajedrez en Madrid"]
[Source "lmi"]
[SourceDate "2015.07.13"]
[SourceVersion "1"]
[SourceVersionDate "2019.06.21"]
[SourceQuality "1"]

1. c4 Nf6 2. Nc3 e6 3. e4 d6 4. d4 Be7 5. Nf3 c5 6. Be2 O-O 7. O-O b6 8. Bf4
Bb7 9. d5 e5 10. Bg5 Bc8 11. h3 Ne8 12. Be3 f5 13. exf5 Bxf5 14. Bd3 Bxd3 15.
Qxd3 Nf6 16. Rad1 Nh5 17. Nxe5 dxe5 18. d6 Bg5 19. Qd5+ Kh8 20. Qxa8 Bxe3 21.
fxe3 Rxf1+ 22. Rxf1 Nf6 23. Rd1 h6 24. Qxa7 Nfd7 25. Qb7 Qg5 26. Qf3 Kg8 27.
Ne4 Qg6 28. Rf1 Qe8 29. Nc3 Qe6 30. Qd5 Qxd5 31. Nxd5 Kh7 32. Rf7 Kg8 33. Re7
Kf8 34. Nc7 Kg8 35. Ne6 1-0

[Event "17. Obert Int. Sant Marti 2015 - B"]
[Site "Barcelona ESP"]
[Date "2015.07.19"]
[Round "7.43"]
[White "Mas Sayos, Lluis"]
[Black "Gonzalez Moreno, Antoni"]
[Result "0-1"]
[WhiteElo "1863"]
[BlackElo "1945"]
[PlyCount "40"]
[EventDate "2015.07.13"]
[EventType "swiss"]
[EventRounds "9"]
[EventCountry "ESP"]
[SourceTitle "Ajedrez en Madrid"]
[Source "lmi"]
[SourceDate "2015.07.13"]
[SourceVersion "1"]
[SourceVersionDate "2019.06.21"]
[SourceQuality "1"]

1. d4 d5 2. c4 e6 3. e3 Nf6 4. Nf3 Be7 5. Nc3 Nbd7 6. Bd3 a6 7. O-O dxc4 8.
Bxc4 b5 9. Bd3 Bb7 10. a3 c5 11. Qe2 O-O 12. e4 cxd4 13. Nxd4 Ne5 14. Bc2 Qxd4
15. Bg5 Rfe8 16. Be3 Qc4 17. f3 Qxe2 18. Nxe2 Nc4 19. Bd4 Rac8 20. Bb3 Nd2 0-1

[Event "17. Obert Int. Sant Marti 2015 - B"]
[Site "Barcelona ESP"]
[Date "2015.07.19"]
[Round "7.44"]
[White "Garcia Gil, Jose Antonio"]
[Black "Salvador Muñoz, Josep M|_"]
[Result "0-1"]
[WhiteElo "1852"]
[BlackElo "1936"]
[PlyCount "78"]
[EventDate "2015.07.13"]
[EventType "swiss"]
[EventRounds "9"]
[EventCountry "ESP"]
[SourceTitle "Ajedrez en Madrid"]
[Source "lmi"]
[SourceDate "2015.07.13"]
[SourceVersion "1"]
[SourceVersionDate "2019.06.21"]
[SourceQuality "1"]

1. d4 Nf6 2. Bg5 g6 3. Bxf6 exf6 4. Nf3 Bg7 5. e3 d5 6. c3 c6 7. Bd3 Nd7 8.
Nbd2 Qe7 9. O-O O-O 10. e4 dxe4 11. Nxe4 f5 12. Ng3 Qd6 13. Re1 b6 14. Qc2 Bb7
15. Rad1 Rfe8 16. Rxe8+ Rxe8 17. Re1 Re7 18. Rxe7 Qxe7 19. Qe2 Kf8 20. Qxe7+
Kxe7 21. Ne2 c5 22. Bb5 Bxf3 23. gxf3 cxd4 24. Bxd7 Kxd7 25. cxd4 Kc6 26. b3 a6
27. Kf1 Kd5 28. Ke1 Bxd4 29. Nxd4 Kxd4 30. Kd2 g5 31. a3 f6 32. a4 a5 33. Kc2
h6 34. Kd2 h5 35. Kc2 f4 36. Kd2 f5 37. Kc2 g4 38. Kd2 h4 39. Ke2 g3 0-1

[Event "17. Obert Int. Sant Marti 2015 - B"]
[Site "Barcelona ESP"]
[Date "2015.07.19"]
[Round "7.45"]
[White "Jimenez Dominguez, Albert"]
[Black "Olleta Tanya, Jordi"]
[Result "1/2-1/2"]
[WhiteElo "1927"]
[BlackElo "1720"]
[PlyCount "154"]
[EventDate "2015.07.13"]
[EventType "swiss"]
[EventRounds "9"]
[EventCountry "ESP"]
[SourceTitle "Ajedrez en Madrid"]
[Source "lmi"]
[SourceDate "2015.07.13"]
[SourceVersion "1"]
[SourceVersionDate "2019.06.21"]
[SourceQuality "1"]

1. c4 Nf6 2. Nc3 g6 3. g3 Bg7 4. Bg2 Nc6 5. e3 Rb8 6. Nge2 d6 7. O-O O-O 8. Rb1
Ne5 9. d3 Bg4 10. h3 Bf3 11. d4 Bxg2 12. Kxg2 Nxc4 13. Qa4 Nb6 14. Qxa7 Qc8 15.
Qa5 d5 16. Qc5 Re8 17. Nf4 Nbd7 18. Qb5 c6 19. Qe2 e5 20. dxe5 Nxe5 21. Rd1 Nc4
22. b3 Nd6 23. Bb2 Ra8 24. Ba1 Nfe4 25. Nxe4 Nxe4 26. Bxg7 Kxg7 27. Rbc1 Qf5
28. b4 Qf6 29. Qc2 Ra3 30. Rd3 Rxd3 31. Qxd3 Qb2 32. Qd4+ Qxd4 33. exd4 Nd6 34.
Rc2 Nb5 35. Ne2 Na3 36. Rd2 Nc4 37. Rc2 Ra8 38. Nc3 Ra6 39. b5 Ra3 40. bxc6
bxc6 41. Kf1 Kf6 42. Ke2 Ra7 43. a4 Ke6 44. Rc1 Kd6 45. Rb1 Kc7 46. g4 Kd6 47.
Rb8 g5 48. Rd8+ Ke6 49. Rh8 f6 50. Re8+ Kf7 51. Rc8 Ra6 52. Rc7+ Kg6 53. Rb7
Nb6 54. Rc7 Nxa4 55. Nxa4 Rxa4 56. Ke3 Rc4 57. f3 h5 58. Rc8 hxg4 59. hxg4 Rc1
60. Rc7 Rc3+ 61. Ke2 f5 62. gxf5+ Kxf5 63. Rf7+ Kg6 64. Rc7 Kf6 65. Rc8 Rc2+
66. Ke3 Rc3+ 67. Ke2 Kf7 68. Rc7+ Kf6 69. Rc8 Kg6 70. Rc7 Rc2+ 71. Ke3 Rc1 72.
Kd2 Rc4 73. Ke3 Kh5 74. Rh7+ Kg6 75. Rc7 Kf6 76. Rc8 Ke6 77. Rg8 Rc3+ 1/2-1/2

[Event "17. Obert Int. Sant Marti 2015 - B"]
[Site "Barcelona ESP"]
[Date "2015.07.19"]
[Round "7.46"]
[White "Cano Vila, Eduard"]
[Black "Martin Sanchez, Antoni"]
[Result "0-1"]
[WhiteElo "1804"]
[BlackElo "1903"]
[PlyCount "48"]
[EventDate "2015.07.13"]
[EventType "swiss"]
[EventRounds "9"]
[EventCountry "ESP"]
[SourceTitle "Ajedrez en Madrid"]
[Source "lmi"]
[SourceDate "2015.07.13"]
[SourceVersion "1"]
[SourceVersionDate "2019.06.21"]
[SourceQuality "1"]

1. e4 e6 2. d4 d5 3. Nc3 Nf6 4. Bg5 Be7 5. e5 Nfd7 6. Bxe7 Qxe7 7. f4 a6 8. Qd2
c5 9. dxc5 Nxc5 10. O-O-O g6 11. Nf3 Bd7 12. g4 b5 13. a3 Nc6 14. Bg2 Rc8 15.
Rhf1 b4 16. axb4 Nxb4 17. Nd4 a5 18. f5 Na4 19. Nxa4 Bxa4 20. b3 Nxc2 21. Nxc2
Qa3+ 22. Kb1 Qxb3+ 23. Ka1 Rxc2 24. Bxd5 Qb2# 0-1

[Event "17. Obert Int. Sant Marti 2015 - B"]
[Site "Barcelona ESP"]
[Date "2015.07.19"]
[Round "7.47"]
[White "Pascual Duran, Pau"]
[Black "Khudov, Oleksandr"]
[Result "0-1"]
[WhiteElo "1897"]
[BlackElo "1528"]
[PlyCount "90"]
[EventDate "2015.07.13"]
[EventType "swiss"]
[EventRounds "9"]
[EventCountry "ESP"]
[SourceTitle "Ajedrez en Madrid"]
[Source "lmi"]
[SourceDate "2015.07.13"]
[SourceVersion "1"]
[SourceVersionDate "2019.06.21"]
[SourceQuality "1"]

1. e4 e6 2. d4 d5 3. e5 c5 4. c3 Qb6 5. Nf3 Bd7 6. Be2 Bb5 7. Be3 Bxe2 8. Qxe2
Nc6 9. O-O cxd4 10. cxd4 Nge7 11. Nc3 Nf5 12. a3 a6 13. b4 Be7 14. Na4 Qc7 15.
Nc5 O-O 16. Rac1 Bxc5 17. Rxc5 b6 18. Rc3 Ncxd4 19. Bxd4 Nxd4 20. Qd3 Nxf3+ 21.
Qxf3 Qxe5 22. Rc6 Rfc8 23. Rxb6 Rc3 24. Qd1 Rxa3 25. Qc1 Qc3 26. Qf4 e5 27. Qf5
Ra1 28. Rb7 Rxf1+ 29. Kxf1 Qc4+ 30. Ke1 Qe4+ 31. Qxe4 dxe4 32. Re7 f6 33. Ke2
Rb8 34. Ra7 Rb6 35. Ke3 f5 36. Re7 Rxb4 37. Rxe5 Rb5 38. Kf4 Rxe5 39. Kxe5 g6
40. Kd4 Kf7 41. Kc4 Ke6 42. Kc5 Ke5 43. Kb6 Kd4 44. Kxa6 Kd3 45. Kb5 Ke2 0-1

[Event "17. Obert Int. Sant Marti 2015 - B"]
[Site "Barcelona ESP"]
[Date "2015.07.19"]
[Round "7.48"]
[White "Bes Alvarez, Alex"]
[Black "Muñoz Jordan, Carlos"]
[Result "1-0"]
[WhiteElo "1743"]
[BlackElo "1889"]
[PlyCount "45"]
[EventDate "2015.07.13"]
[EventType "swiss"]
[EventRounds "9"]
[EventCountry "ESP"]
[SourceTitle "Ajedrez en Madrid"]
[Source "lmi"]
[SourceDate "2015.07.13"]
[SourceVersion "1"]
[SourceVersionDate "2019.06.21"]
[SourceQuality "1"]

1. d4 Nf6 2. c4 c5 3. dxc5 Nc6 4. g3 Qa5+ 5. Nc3 Qxc5 6. b3 g6 7. Bg2 Bg7 8.
Bb2 O-O 9. Nf3 Ng4 10. O-O Nge5 11. Na4 Qa5 12. Nxe5 Nxe5 13. f4 Nc6 14. Bxg7
Kxg7 15. e4 Rb8 16. e5 Qc7 17. Nc3 Qb6+ 18. Kh1 e6 19. Nb5 a6 20. Nd6 Qc7 21.
Qg4 f6 22. exf6+ Rxf6 23. Ne8+ 1-0

[Event "17. Obert Int. Sant Marti 2015 - B"]
[Site "Barcelona ESP"]
[Date "2015.07.19"]
[Round "7.49"]
[White "Palomero Galvez, Antoni"]
[Black "Pascual Gonzalez-Novelles, David"]
[Result "1/2-1/2"]
[WhiteElo "1762"]
[BlackElo "1869"]
[PlyCount "95"]
[EventDate "2015.07.13"]
[EventType "swiss"]
[EventRounds "9"]
[EventCountry "ESP"]
[SourceTitle "Ajedrez en Madrid"]
[Source "lmi"]
[SourceDate "2015.07.13"]
[SourceVersion "1"]
[SourceVersionDate "2019.06.21"]
[SourceQuality "1"]

1. e4 e5 2. Nf3 d6 3. Bc4 Be7 4. d3 Nf6 5. O-O O-O 6. a4 Nc6 7. c3 a6 8. b4 Be6
9. Bxe6 fxe6 10. Qb3 d5 11. Nbd2 h6 12. Bb2 Bd6 13. Rae1 Qd7 14. Re2 Rae8 15.
Rfe1 Kh8 16. Nf1 Nh5 17. exd5 exd5 18. Bc1 d4 19. b5 axb5 20. axb5 Na5 21. Qa4
b6 22. cxd4 Nf4 23. Bxf4 Rxf4 24. Nxe5 Bxe5 25. Rxe5 Ref8 26. Re7 Qf5 27. Re8
Rxf2 28. Rxf8+ Qxf8 29. Qd1 Nb7 30. Ng3 Rb2 31. Rf1 Qd8 32. Qa4 Qd5 33. Rf2
Rxf2 34. Kxf2 Nd6 35. Qb4 Qxb5 36. Qxb5 Nxb5 37. Ke3 Nd6 38. Ne2 g5 39. Kd2 Kg7
40. Nc3 c6 41. Ne4 Nb5 42. Ke3 Kf7 43. Nd2 Nd6 44. Nc4 Nc8 45. Ne5+ Ke6 46.
Nxc6 Kd6 47. Nb4 Ne7 48. Ke4 1/2-1/2

[Event "17. Obert Int. Sant Marti 2015 - B"]
[Site "Barcelona ESP"]
[Date "2015.07.19"]
[Round "7.50"]
[White "Ortega Farrus, Alfonso"]
[Black "Beltran Vidal, Daniel"]
[Result "0-1"]
[WhiteElo "1704"]
[BlackElo "1852"]
[PlyCount "48"]
[EventDate "2015.07.13"]
[EventType "swiss"]
[EventRounds "9"]
[EventCountry "ESP"]
[SourceTitle "Ajedrez en Madrid"]
[Source "lmi"]
[SourceDate "2015.07.13"]
[SourceVersion "1"]
[SourceVersionDate "2019.06.21"]
[SourceQuality "1"]

1. c4 e5 2. Nc3 Nf6 3. e4 Nc6 4. d3 Bc5 5. Bg5 h6 6. Bh4 g5 7. Bg3 d6 8. Qd2
Be6 9. Be2 Nd4 10. O-O-O Bb4 11. h4 g4 12. h5 Qd7 13. f3 gxf3 14. gxf3 a5 15.
Kb1 b5 16. f4 Bg4 17. fxe5 Nxh5 18. Bh4 dxe5 19. Bf2 Bxc3 20. Bxg4 Qxg4 21.
bxc3 Ne6 22. cxb5 Nf6 23. Be3 Nxe4 24. Rxh6 Nxd2+ 0-1

[Event "17. Obert Int. Sant Marti 2015 - B"]
[Site "Barcelona ESP"]
[Date "2015.07.19"]
[Round "7.51"]
[White "Cort Hidalgo, Jordi"]
[Black "Lopez Oliva, Victor"]
[Result "1-0"]
[WhiteElo "1850"]
[BlackElo "1753"]
[PlyCount "55"]
[EventDate "2015.07.13"]
[EventType "swiss"]
[EventRounds "9"]
[EventCountry "ESP"]
[SourceTitle "Ajedrez en Madrid"]
[Source "lmi"]
[SourceDate "2015.07.13"]
[SourceVersion "1"]
[SourceVersionDate "2019.06.21"]
[SourceQuality "1"]

1. e4 d5 2. exd5 Qxd5 3. Nc3 Qa5 4. d4 Nf6 5. Nf3 Bf5 6. Bc4 c6 7. O-O e6 8.
Bf4 Nbd7 9. Ne5 Bd6 10. Nxc6 Qc7 11. Nb5 Qxc6 12. Nxd6+ Kd8 13. Nxf5 Qxc4 14.
Nd6 Qb4 15. Nxf7+ Ke7 16. Bd6+ Qxd6 17. Nxd6 Kxd6 18. Qd2 Nd5 19. c4 Nc7 20.
Qb4+ Kc6 21. d5+ exd5 22. cxd5+ Nxd5 23. Rac1+ Nc5 24. Qxc5+ Kd7 25. Qxd5+ Ke7
26. Rfe1+ Kf8 27. Rc7 Re8 28. Qf7# 1-0

[Event "17. Obert Int. Sant Marti 2015 - B"]
[Site "Barcelona ESP"]
[Date "2015.07.19"]
[Round "7.52"]
[White "De La Fuente Gil, Roberto"]
[Black "Martin Valentin, Manuel"]
[Result "1-0"]
[WhiteElo "1842"]
[BlackElo "1750"]
[PlyCount "47"]
[EventDate "2015.07.13"]
[EventType "swiss"]
[EventRounds "9"]
[EventCountry "ESP"]
[SourceTitle "Ajedrez en Madrid"]
[Source "lmi"]
[SourceDate "2015.07.13"]
[SourceVersion "1"]
[SourceVersionDate "2019.06.21"]
[SourceQuality "1"]

1. d4 Nf6 2. Nf3 g6 3. e3 Bg7 4. Be2 O-O 5. Nbd2 d5 6. O-O Nbd7 7. c3 b6 8. Qc2
Bb7 9. Re1 c5 10. b3 Qc7 11. Bd3 Rfe8 12. e4 dxe4 13. Nxe4 Nxe4 14. Bxe4 e6 15.
Bxb7 Qxb7 16. Bb2 e5 17. dxe5 Nxe5 18. Nxe5 Rxe5 19. Rxe5 Bxe5 20. Re1 f6 21.
Bc1 Kf7 22. Qd3 Qc7 23. f4 Rd8 24. Qc4+ 1-0

[Event "17. Obert Int. Sant Marti 2015 - B"]
[Site "Barcelona ESP"]
[Date "2015.07.19"]
[Round "7.53"]
[White "Izquierdo Pujol, Pol"]
[Black "Molina Tabernero, Jordi"]
[Result "1/2-1/2"]
[WhiteElo "1832"]
[BlackElo "1729"]
[PlyCount "62"]
[EventDate "2015.07.13"]
[EventType "swiss"]
[EventRounds "9"]
[EventCountry "ESP"]
[SourceTitle "Ajedrez en Madrid"]
[Source "lmi"]
[SourceDate "2015.07.13"]
[SourceVersion "1"]
[SourceVersionDate "2019.06.21"]
[SourceQuality "1"]

1. e4 d5 2. exd5 Qxd5 3. Nc3 Qa5 4. Nf3 Bg4 5. d4 c6 6. Be2 Nd7 7. O-O Ngf6 8.
Bf4 Nh5 9. Qd2 Nxf4 10. Qxf4 Qf5 11. Qxf5 Bxf5 12. d5 Rc8 13. Nd4 g6 14. g4 e5
15. Nxf5 gxf5 16. dxc6 Rxc6 17. Bb5 Rd6 18. Rad1 a6 19. Rxd6 Bxd6 20. Bxd7+
Kxd7 21. gxf5 Rg8+ 22. Kh1 Rg4 23. Nd5 Rh4 24. Kg2 e4 25. Nf6+ Kc6 26. h3 Be5
27. Ng4 Bxb2 28. Re1 Kd5 29. Kg3 Rh5 30. Rd1+ Kc6 31. Re1 Kd5 1/2-1/2

[Event "17. Obert Int. Sant Marti 2015 - B"]
[Site "Barcelona ESP"]
[Date "2015.07.19"]
[Round "7.54"]
[White "Ani, Virgil"]
[Black "Cassi De La Viuda, Àlex"]
[Result "0-1"]
[WhiteElo "1826"]
[BlackElo "1727"]
[PlyCount "102"]
[EventDate "2015.07.13"]
[EventType "swiss"]
[EventRounds "9"]
[EventCountry "ESP"]
[SourceTitle "Ajedrez en Madrid"]
[Source "lmi"]
[SourceDate "2015.07.13"]
[SourceVersion "1"]
[SourceVersionDate "2019.06.21"]
[SourceQuality "1"]

1. c4 c5 2. Nf3 Nc6 3. g3 d6 4. Nc3 Nf6 5. d3 Bg4 6. Bg2 e6 7. O-O Be7 8. b3
O-O 9. Bb2 a6 10. e3 Qd7 11. Na4 Rab8 12. Nc3 Rfd8 13. Qe1 b5 14. Rd1 b4 15.
Ne4 Nxe4 16. dxe4 e5 17. Rd2 Qe6 18. Qc1 Bh3 19. Qc2 Bxg2 20. Kxg2 Rd7 21. Rd5
h5 22. Rfd1 Rbd8 23. Qd2 Nb8 24. Qc2 Nc6 25. R1d2 Kf8 26. Qd1 Ke8 27. R2d3 a5
28. Ng1 Qg6 29. Qf3 Nb8 30. Kf1 Nc6 31. Ke2 Nb8 32. Qg2 Nc6 33. f3 f6 34. Qh3
Nb8 35. Qe6 Qf7 36. Qg4 hxg4 37. fxg4 Qg6 38. Kf3 Kf7 39. h3 Rh8 40. h4 a4 41.
h5 Qh7 42. a3 Nc6 43. Ne2 g6 44. hxg6+ Qxg6 45. Nf4 exf4 46. gxf4 Rg8 47. g5
Qh5+ 48. Kg3 fxg5 49. Rf5+ Ke8 50. Bf6 gxf4+ 51. Kf2 Qh2+ 0-1

[Event "17. Obert Int. Sant Marti 2015 - B"]
[Site "Barcelona ESP"]
[Date "2015.07.19"]
[Round "7.55"]
[White "Serentill Tost, Eduard"]
[Black "Jimenez Rimblas, Raul"]
[Result "1-0"]
[WhiteElo "1808"]
[BlackElo "1708"]
[PlyCount "55"]
[EventDate "2015.07.13"]
[EventType "swiss"]
[EventRounds "9"]
[EventCountry "ESP"]
[SourceTitle "Ajedrez en Madrid"]
[Source "lmi"]
[SourceDate "2015.07.13"]
[SourceVersion "1"]
[SourceVersionDate "2019.06.21"]
[SourceQuality "1"]

1. e4 g6 2. d4 Bg7 3. Be3 d6 4. Nc3 Nf6 5. Be2 O-O 6. h3 e5 7. Qd2 exd4 8. Bxd4
Re8 9. f3 d5 10. exd5 Nxd5 11. Bxg7 Kxg7 12. Qxd5 Bd7 13. O-O-O Re7 14. Bd3 Nc6
15. Nge2 Re5 16. Qc4 Be6 17. Qf4 Qe7 18. Nd4 Qb4 19. Nxe6+ fxe6 20. Qxb4 Nxb4
21. Bc4 b5 22. Bxb5 Nxa2+ 23. Nxa2 Rxb5 24. Rd7+ Kh6 25. Rxc7 Ra5 26. Kb1 Rd8
27. g4 Rd6 28. Rc3 1-0